| 000 | 01406nam2a2200289 4500 | ||
|---|---|---|---|
| 001 | RU\NLR\PER_A\011116758_000060 | ||
| 005 | 20250626052215.0 | ||
| 010 |
_a978-5-89282-692-1 _9300 |
||
| 035 | _a(NLR Aleph) 011357845 | ||
| 090 |
_a11283426 _c11283426 |
||
| 100 | _a20170403d2015 |||y0rusy50 ca | ||
| 101 | 0 | _arus | |
| 102 | _aRU | ||
| 200 | 1 |
_aВопросы импортозамещения _f[отв. ред. Н.Ю. Ульченко] |
|
| 210 |
_d2015 _aБ. м. |
||
| 215 |
_a86 c. _d24 |
||
| 300 | _aТекст на рус и англ. яз. | ||
| 320 | _aБиблиогр. в подстроч. примеч. | ||
| 461 | 0 |
_1001RU\NLR\Per\1223208 _12001#$aВосточная аналитика$dEastern analytics$fРос. акад. наук, Ин-т востоковедения$zeng$v2015, вып. 4 _911496213 _cМосква _d2015 - _fРос. акад. наук, Ин-т востоковедения _lEastern analytics _nФедеральное государственное бюджетное учреждение науки Институт востоковедения РАН _tВосточная аналитика _x2227-5568 _v2015, вып. 4 |
|
| 606 | 1 |
_aИмпортозамещение _92268854 _3RU\NLR\AUTH\6601589186 |
|
| 686 | 1 | _aУ43(0)1-803.1 | |
| 702 | 1 |
_aУльченко _bН. Ю. _4340 |
|
| 852 |
_aNLR _jП22/9859 |
||
| 942 | _cISSUE | ||
| 980 | _aNB | ||
| 980 | _aRUSPER | ||